Natuna Cīna natuna deśa / (Record no. 68275)
[ view plain ]
| 000 -LEADER | |
|---|---|
| fixed length control field | 00805cam a2200241 i 4500 |
| 001 - CONTROL NUMBER | |
| control field | sa 66002283 |
| 003 - CONTROL NUMBER IDENTIFIER | |
| control field | DLC |
| 005 - DATE AND TIME OF LATEST TRANSACTION | |
| control field | 20260227112228.0 |
| 008 - FIXED-LENGTH DATA ELEMENTS--GENERAL INFORMATION | |
| fixed length control field | 811023s1965 bg ac 000 0aben |
| 010 ## - LIBRARY OF CONGRESS CONTROL NUMBER | |
| LC control number | sa 66002283 |
| 040 ## - CATALOGING SOURCE | |
| Original cataloging agency | DLC |
| Transcribing agency | DLC |
| Modifying agency | DLC |
| 043 ## - GEOGRAPHIC AREA CODE | |
| Geographic area code | a-ch--- |
| 050 00 - LIBRARY OF CONGRESS CALL NUMBER | |
| Classification number | PK1718.S495 |
| Item number | Z52 |
| 100 1# - MAIN ENTRY--PERSONAL NAME | |
| Personal name | Śāmasuddīna, Ābula Kālāma, |
| Dates associated with a name | 1897-1978. |
| 245 10 - TITLE STATEMENT | |
| Title | Natuna Cīna natuna deśa / |
| Statement of responsibility, etc. | Ābula Kālāma Śāmasuddīna. |
| 250 ## - EDITION STATEMENT | |
| Edition statement | 1. saṃskaraṇa. |
| 260 ## - PUBLICATION, DISTRIBUTION, ETC. | |
| Place of publication, distribution, etc. | Ḍhākā : |
| Name of publisher, distributor, etc. | Āhamada Pābaliśiṃ Hāuja, |
| Date of publication, distribution, etc. | 1965. |
| 300 ## - PHYSICAL DESCRIPTION | |
| Extent | 109 p. : |
| Other physical details | ill. (part col.), ports. ; |
| Dimensions | 22 cm. |
| 500 ## - GENERAL NOTE | |
| General note | In Bengali. |
| 600 10 - SUBJECT ADDED ENTRY--PERSONAL NAME | |
| Personal name | Śāmasuddīna, Ābula Kālāma, |
| Dates associated with a name | 1897-1978 |
| General subdivision | Travel |
| Geographic subdivision | China. |
| 651 #0 - SUBJECT ADDED ENTRY--GEOGRAPHIC NAME | |
| Geographic name | China |
| General subdivision | Description and travel. |
| 650 #0 - SUBJECT ADDED ENTRY--TOPICAL TERM | |
| Topical term or geographic name entry element | Authors, Bengali |
| Chronological subdivision | 20th century |
| Form subdivision | Biography. |
No items available.